Catholic University of Zimbabwe Library
Online Public Access Catalogue
(OPAC)

GAAP handbook 2007 (Record no. 12712)

MARC details
000 -LEADER
fixed length control field 00393 a2200145 4500
245 ## - TITLE STATEMENT
Title GAAP handbook 2007
Medium print
020 ## - INTERNATIONAL STANDARD BOOK NUMBER
International Standard Book Number 086981950X
100 ## - MAIN ENTRY--PERSONAL NAME
Personal name Pretorious
100 ## - MAIN ENTRY--PERSONAL NAME
Personal name Von Well
260 ## - PUBLICATION, DISTRIBUTION, ETC.
Place of publication, distribution, etc. sa
Name of publisher, distributor, etc. Unisa Press
Date of publication, distribution, etc. 1996
084 ## -
-- HF5616.S6 G33 1996
300 ## - PHYSICAL DESCRIPTION
Extent xxi, 359 p.
Other physical details 22 cm.
Dimensions xxi, 359 p. ; 22 cm.
500 ## - GENERAL NOTE
General note Chris Hemus ... [et al.].
490 ## - SERIES STATEMENT
Series statement Manualia didactica ; 27

No items available.

OPENING HOURS

Weekdays: 0815hrs - 1800hrs
Weekends:0900hrs - 1200hrs

Closed for Mass:

Mon, Thur: 1200hrs - 1300hrs
Sunday & Public Holiday’s

CALL SUPPORT

0242-570570, 0242-570169
09200664, +263 8644140602

LOCATION

18443, Cranborne Avenue, Hatfield, Harare

Other Links


©2021 | CUZ Library